000
00316nam a22001337a 4500
999
_c
161297
_d
161297
020
_a
082
_a
_b
100
_a
Jijab Rao Patil
245
_a
Surendra varma:
_b
vyakti aur abhivyakti /
_c
by Jijab Rao Patil.
260
_a
Kanpur:
_b
Vidya Prakashan,
_c
2011.
300
_a
200p.
650
_a
942
_c
BK